01248cam a2200289 i 450000100060000000300080000600500170001400800410003103500190007204000320009104100110012308200220013410000340015624501800019026000640037030000260043449000340046050001600049450000690065450400510072365100180077465100560079283000120084870000520086070000200091283000260093226474BD-RjUL20211209051025.0140322r19751928xxu||||| |||| 001 0 eng d a(BD-RjUL)26544 aDLCcDLCdDLCdBD-RjULbeng1 aengfre00a954.025bLAE 19751 aLaet, Joannes de,d1593-1649.14aThe empire of the Great Mogol :ba translation of De Laet's Description of India and Fragment of Indian history /ctranslated by J. S. Hoyland and annotated by S. N. Banerjee. aDelhi :bIdarah-i Adabiyat-i Delli,c1928 [reprinted 1975 ] axiv, 252 p. ;c19 cm.1 aIAD oriental series ;vno. 32 aPart II has special half title: A fragment of the history of India, gathered from Dutch sources and rendered into Latin by Joannes de Laet (Antwerp, 1631). aReprint of the 1928 ed. published by D. B. Taraporevala, Bombay. aIncludes bibliographical references and index. 0aMogul Empire. 0aIndiaxDescription and travelxEarly works to 1800. 0vno. 32.1 aHoyland, John S.q(John Somervell),d1887-1957.1 aBanerjee, S. N. 0aIAD oriental series ;